Normal view
MARC view
Entry Topical Term
001 - CONTROL NUMBER
- control field: 34780
003 - CONTROL NUMBER IDENTIFIER
- control field: ARRUPE
005 - DATE AND TIME OF LATEST TRANSACTION
- control field: 20170816094421.0
008 - FIXED-LENGTH DATA ELEMENTS
- fixed length control field: 170816|| aca||aabn | a|a d
040 ## - CATALOGING SOURCE
- Original cataloging agency: ARRUPE
- Transcribing agency: ARRUPE
150 ## - HEADING--TOPICAL TERM
- Topical term or geographic name as entry element: Medical ethics
- General subdivision: Religious aspects
- General subdivision: Catholic Church
670 ## - SOURCE DATA FOUND
- Source citation: Work cat.: (ARRUPE): Fisher, Anthony 34779, Catholic bioethics for a new Millennium, 2011